02225nam a2200409 a 450000100060000000300090000600500170001500700060003200800410003802000280007904000220010709200330012910000170016224501320017926000400031130000440035149000100039550000460040550505830045165000450103465000450107965000400112465000400116465000490120470000240125370000220127770000400129983000100133991000370134994200120138694500390139895201350143795201550157295600390172795600340176699900150180000166DO-SdBNP20180309115118.000166091118s2008 dr 2008 000 0 spa d a9789945112078 - Guía aBPMSUbspacBPMSU a372.83bB828s 8vo. 20081 aBrea, José10aSociedad 8 :bbásica /cJosé Brea, Henry Ramos Santos, Fanny Capellán ; direciión editorial Obdulia García de Escobar aSanto Domingo :bSantillana,c2008. a207 p. :bil., mapas., retrs. ;c28 cm.1 aCoral aLa biblioteca solamente posee la guía 0 tUnidad 1.tLos inicios el siglo XXl --tUnidad 2 .tLas pugnas caudillistas --tUnidad 3 .tLa intervención norteamericana de 1916-1924 --tUnidad 4 .tLa dictadura de Trujillo --tUnidad 5 .tLa oposición política y la caída de la dictadura --tUnidad 6 .tEl Caribe entre 1900 y 1970 --tUnidad 7.tEl país entre 1961 y 1965 --tUnidad 8.tLos gobiernos de Balaguer (1966-1978) --tUnidad 9 .tLos gobiernos desde 1978 hasta el 2008 --tUnidad 10 .tLa economía dominicana hoy --tUnidad 11 .tLa cultura dominicana --tUnidad 12 .tLa organización del espacio . 4aCIENCIAS SOCIALESzENSEÑANZA BÁSICA  4aCIENCIAS SOCIALESxEDUCACIÓN PRIMARIA  4aCIENCIAS SOCIALESxLIBROS DE TEXTOS 4aCIENCIAS SOCIALESxLIBROS DE TEXTOS 4aEDUCACIÓN PRIMARIAzREPÚBLICA DOMINICANA12aRamos Santos, Henry aCapellán, Fanny aGarcía de Escobar, Obdulia, eed. 0aCoral aValidado. Control de calidad MFF 2ddccBK aRemanejado para la BNPHU / 2018 VM 00102ddc40708CEaBPMETbBPMETd2016-04-08eDonaciónl0o372.83 B828S 8vo. pBPMSU16040236r2016-04-08w2016-04-08yBK 00102ddc40708CEaBPMETbBPMETd2016-04-08eDonaciónl0o372.83 B828s 8vo. 2008 Guía pBPMSU16040237r2016-04-08te. 2w2016-04-08yBK aVMATEOb10c20150615lBPMSUh00151 aBTAVÁREZb10c20160408l166 c9648d9648